000 00844cam a2200217 a 4500
020 _a9780801039720 (pbk. : alk. paper)
020 _a080103972X (pbk. : alk. paper)
041 _aENG
082 0 0 _a230.01
_bSMI
100 1 _aSmith, James K. A.,
245 1 4 _aThe fall of interpretation : Philosophical Foundations for a Creational Hermeneutic
250 _a2nd ed.
260 _aGrand Rapids, Mich. :
_bBaker Academic,
_cc2012.
300 _axviii, 229 p. ;
505 0 _aParadise regained -- Through a mirror darkly -- Falling into the garden -- Edenic violence -- Interpreting the fall -- Interpretation in Eden -- Limited inc/arnation: from creation to ecclesia.
650 0 _aHermeneutics - Religious
_aAspects - Christianity
650 0 _aPhilosophical theology.
650 0 _aFall of man.
650 0 _aCreation.
942 _cBK
999 _c22538
_d22538